The Egypt Quiz Stats

 Plays Quiz Updated Dec 7, 2018

Score 0/50 Timer 07:00
0 Plays Today
Hint Answer % Correct
Flag ColorRed
97.2%
Bordering SeaRed Sea
97.2%
Capital CityCairo
93.5%
Flag ColorBlack
92.6%
Flag ColorWhite
91.4%
Internet Country Code.eg
91.1%
ContinentAfrica
88.2%
Ancient Wonder of the WorldGreat Pyramid of Giza
85.1%
ContinentAsia
85%
Flag ColorGold
84%
Longest RiverNile River
83.5%
Nationality (Demonym)Egyptian
81.4%
Drives on the...Right
80.8%
Official ReligionIslam
80.8%
Official LanguageArabic
79.3%
Bordering CountryLibya
76.4%
Bordering CountrySudan
74.8%
Age of Suffrage18
74.3%
Largest DesertSahara Desert
72.9%
Bordering CountryIsrael
68.3%
Largest Single Stone StatueGreat Sphinx of Giza
64.4%
Independence fromUnited Kingdom
64.3%
Second Largest CityAlexandria
63.5%
Bordering SeaMediterranean Sea
62%
Three Language Translation StoneRosetta Stone
56.4%
Hint Answer % Correct
Bordering GulfGulf of Suez
56.1%
Longest CanalSuez Canal
56.1%
Bird on FlagEagle of Saladin
54.5%
Formal Ancient Writing SystemEgyptian Hieroglyphs
52.4%
Bordering TerritoryGaza Strip
44%
Third Largest CityGiza
41.4%
Largest PeninsulaSinai Peninsula
40.1%
Last PharaohCleopatra VII
35.5%
Ancient Wonder of the WorldLighthouse of Alexandria
35%
Largest DamAswan High Dam
33.4%
CurrencyEgyptian Pound (EGP)
32.5%
# of Egyptian Governorates29
25.9%
Site of the Ancient City of ThebesLuxor
22.9%
PresidentAbdel Fattah el-Sisi
21%
Official NameArab Republic of Egypt
19.3%
Largest GovernorateNew Valley
15%
Largest LakeLake Nasser
14.8%
Bordering GulfGulf of Aqaba
11.4%
National AnthemMy country, my country, my country
9.5%
Largest Ancient Religious SiteKarnak Temple Complex
7.7%
Prime MinisterSherif Ismail
7.6%
Independence DayFebruary 28, 1922
5.8%
Longest Reigning PharaohPepi II
4.7%
Highest Point (2,629 m)Mount Catherine
4.7%
Lowest Point (-133 m)Qattara Depression
4.2%

You're not logged in!

Compare scores with friends on all Sporcle quizzes.
OR
Log In

Show Comments

Extras

Top Quizzes Today


Score Distribution

Your Account Isn't Verified!

In order to create a playlist on Sporcle, you need to verify the email address you used during registration. Go to your Sporcle Settings to finish the process.

Report this User

Report this user for behavior that violates our Community Guidelines.

Details: